000 00300nam a22001337a 4500
008 170728b xxu||||| |||| 00| 0 eng d
020 _a11584301
041 _aeng
080 _a004
100 _a31
101 _aSHK
245 _aKEYBOARDING AND DOCUMENT PROCESSING
_cPERCIVAL,M
942 _2udc
_cBK
999 _c22065
_d22065